000 00262nam a22001217a 4500
008 181101b xxu||||| |||| 00| 0 eng d
041 _aeng
080 _a610
100 _a4
101 _aSHM
245 _aThe Prostate Health Book
_cKugler,H
942 _2udc
_cBK
999 _c51418
_d51418